LEADER 01647nam 2200409Ia 450 001 996391893203316 005 20221107234307.0 035 $a(CKB)1000000000672666 035 $a(EEBO)2240865087 035 $a(UnM)99899932 035 $a(UnM)9928991000971 035 $a(EXLCZ)991000000000672666 100 $a19971029d1651 uy | 101 0 $aeng 135 $aurbn||||a|bb| 200 04$aThe form and order of the coronation of Charles the Second, King of Scotland, England, France, and Ireland$b[electronic resource] $eAs it was acted and done at Scoone, the first day of Januarie, 1651 210 $aAberdene $cimprinted by James Brown$d1651 215 $a24 p 300 $aIncludes: Douglas, Robert. Sermon preached at Scoone, Jan. first 1651. 300 $aSignatures: [A]² , B-F² . 300 $aCopy filmed at UMI microfilm Early English Books 1641-1700 reel 2481 has pages stained. 300 $aReproduction of original in the Folger Shakespeare Library. 330 $aeebo-0055 606 $aCoronations$zEngland$vEarly works to 1800 606 $aSermons, English$y17th century 607 $aGreat Britain$xHistory$yRestoration, 1660-1688$vEarly works to 1800 607 $aScotland$xHistory$y1649-1660$vEarly works to 1800 615 0$aCoronations 615 0$aSermons, English 701 $aDouglas$b Robert$f1594-1674.$01005428 801 0$bCu-RivES 801 1$bCu-RivES 801 2$bWaOLN 906 $aBOOK 912 $a996391893203316 996 $aThe form and order of the coronation of Charles the Second, King of Scotland, England, France and Ireland$92311571 997 $aUNISA LEADER 01416nas 2200493- 450 001 996217486303316 005 20220805213022.0 011 $a1743-8764 035 $a(OCoLC)52801657 035 $a(CKB)960238538151 035 $a(CONSER)--2016267019 035 $a(EXLCZ)99960238538151 100 $a20030806a19949999 s-- - 101 0 $aeng 135 $aur||||||||||| 181 $ctxt$2rdacontent 182 $cc$2rdamedia 183 $acr$2rdacarrier 200 00$aContemporary security policy 210 1$aLondon :$cFrank Cass 210 31$aPhiladelphia, PA :$cRoutledge, Taylor & Francis Group 215 $a1 online resource 300 $aRefereed/Peer-reviewed 311 $a1352-3260 517 1 $aCSP 606 $aArms control$vPeriodicals 606 $aDisarmament$vPeriodicals 606 $aWorld politics$vPeriodicals 606 $aWorld politics$2fast$3(OCoLC)fst01181381 606 $aArms control$2fast$3(OCoLC)fst00814908 606 $aDisarmament$2fast$3(OCoLC)fst00894688 608 $aPeriodicals.$2fast 608 $aPeriodicals.$2lcgft 615 0$aArms control 615 0$aDisarmament 615 0$aWorld politics 615 7$aWorld politics. 615 7$aArms control. 615 7$aDisarmament. 676 $a327.17405 906 $aJOURNAL 912 $a996217486303316 996 $aContemporary security policy$92144684 997 $aUNISA